00000000cas 2200000zi 4500
0019.831613
003CaOODSP
00520260203150128
006m     o  d f      
007cr cn ||||||||
008170201c20099999oncar p o    f0   b0fre|d
022 |a2563-027X
040 |aCaOODSP|bfre|erda|cCaOODSP
043 |an-cn---
0861 |aA101-11F-PDF
222 0|aRapport des enquêtes de la protection des végétaux
24500|aRapport des enquêtes de la protection des végétaux.
2461 |iLes livraisons de 2010/2011-2016/2017 comportent le titre : |aRapport d'enquêtes de la protection des végétaux
2461 |iLes livraisons de 2018/2019- comportent le titre : |aRapport d'enquêtes de la protection des végétaux pour ...
264 1|aOttawa, ON : |bAgence canadienne d'inspection des aliments = Canadian Food Inspection Agency, |c[2010]-
310 |aAnnuel
336 |atexte|btxt|2rdacontent/fre
337 |ainformatique|bc|2rdamedia/fre
338 |aressource en ligne|bcr|2rdacarrier/fre
3621 |aParaît depuis : 2009.
500 |aPublié aussi en anglais sous le titre : Plant protection survey report, 2010-2018; Plant health survey report for ..., 2019-
550 |aPublié par : Unité de surveillance phytosanitaire.
588 |aDescription d'après : 2009; titre de la page couverture du fichier PDF.
588 |aDernière livraison consultée : 2022/2023.
650 6|aPlantes|xSanté|zCanada|vPériodiques.
650 6|aPlantes|xMaladies et fléaux|zCanada|vPériodiques.
650 6|aVégétation|xSurveillance|zCanada|vPériodiques.
655 7|aPériodiques|2rvmgf
7102 |aAgence canadienne d'inspection des aliments. |bUnité de surveillance phytosanitaire, |eorganisme de publication.
77508|tPlant protection survey report.|w(CaOODSP)9.831610
77508|tPlant health survey report for ...|w(CaOODSP)9.918490